Welcome (Record no. 20734)

MARC details
000 -LEADER
fixed length control field 01568ngm a2200373 4500
003 - CONTROL NUMBER IDENTIFIER
control field dpl
005 - DATE AND TIME OF LATEST TRANSACTION
control field 2009010704244.0
007 - PHYSICAL DESCRIPTION FIXED FIELD--GENERAL INFORMATION
fixed length control field DVD
008 - FIXED-LENGTH DATA ELEMENTS--GENERAL INFORMATION
fixed length control field ||||||sp199 xxu|||||c ||| 00| 0 ng d
010 ## - LIBRARY OF CONGRESS CONTROL NUMBER
LC control number DVD-001980-1982
024 ## - OTHER STANDARD IDENTIFIER
Terms of availability 49.00
035 ## - SYSTEM CONTROL NUMBER
System control number DVD-001980-1982
040 ## - CATALOGING SOURCE
Original cataloging agency DPL
Transcribing agency DPL
082 ## - DEWEY DECIMAL CLASSIFICATION NUMBER
Classification number DVD / WELC
245 ## - TITLE STATEMENT
Title Welcome
Statement of responsibility, etc A. A. Nadiadwala Presents
Medium [videorecording] VCD/
260 ## - PUBLICATION, DISTRIBUTION, ETC. (IMPRINT)
Name of publisher, distributor, etc Big Home Video
300 ## - PHYSICAL DESCRIPTION
Extent 2 videodisc VCD;
Other physical details sd., col. ;
Dimensions 4 3/4 in.
Type of unit VCD
440 ## - SERIES STATEMENT/ADDED ENTRY--TITLE
Title Big Home Video
500 ## - GENERAL NOTE
General note This title is complete with 2 discs Not to be sold individually
538 ## - SYSTEM DETAILS NOTE
System details note Dolby Digital 5.1 - Hindi Subtitles: English
650 ## - SUBJECT ADDED ENTRY--TOPICAL TERM
Topical term or geographic name as entry element Motion Picture
700 ## - ADDED ENTRY--PERSONAL NAME
Personal name Nadiadwala, A. A.
700 ## - ADDED ENTRY--PERSONAL NAME
Personal name Bazmee, Anees
700 ## - ADDED ENTRY--PERSONAL NAME
Personal name Akshay Kumar
700 ## - ADDED ENTRY--PERSONAL NAME
Personal name Katrina Kaif
700 ## - ADDED ENTRY--PERSONAL NAME
Personal name Patekar, Nana
700 ## - ADDED ENTRY--PERSONAL NAME
Personal name Kapoor, Anil
700 ## - ADDED ENTRY--PERSONAL NAME
Personal name Feroz Khan
942 ## - ADDED ENTRY ELEMENTS (KOHA)
Koha item type CD-ROMs, DVDs, VHS
Source of classification or shelving scheme Dewey Decimal Classification
Classification part DVD
Call number suffix WELC
Holdings
Withdrawn status Lost status Source of classification or shelving scheme Damaged status Not for loan Home library Current library Date acquired Source of acquisition Cost, normal purchase price Total Checkouts Full call number Barcode Date last seen Date checked out Copy number Cost, replacement price Price effective from Koha item type Public note
  Lost and Paid For Dewey Decimal Classification     Central Library Central Library 07/01/2009 Purchase 49.00 2 DVD WELC DVD-001980 16/09/2009 27/02/2009 1 49.00 07/01/2009 CD-ROMs, DVDs, VHS Cost Riced Rs.49.00 Dt 16-09-09 Vide R,No.2297/88
    Dewey Decimal Classification     Patel Nagar Patel Nagar 07/01/2009 Purchase 49.00 13 DVD WELC DVD-001982 24/02/2014 18/02/2014 1 49.00 07/01/2009 CD-ROMs, DVDs, VHS  
    Dewey Decimal Classification     Sarojini Nagar Sarojini Nagar 07/01/2009 Purchase 49.00 12 DVD WELC DVD-001981 12/05/2016 27/04/2016 1 49.00 07/01/2009 CD-ROMs, DVDs, VHS  

© Delhi Public Library
Hit Counter
free hit counter